| Record ID | ia:randomness0000benn_p2o3 |
| Source | Internet Archive |
| Download MARC XML | https://archive.org/download/randomness0000benn_p2o3/randomness0000benn_p2o3_marc.xml |
| Download MARC binary | https://www.archive.org/download/randomness0000benn_p2o3/randomness0000benn_p2o3_meta.mrc |
LEADER: 04508cam 2200901 a 4500
001 ocm37675705
003 OCoLC
005 20210216042110.0
008 970916s1998 maua b 001 0 eng
010 $a 97035054
040 $aDLC$beng$cDLC$dUKM$dUBA$dBAKER$dNLGGC$dYDXCP$dBTCTA$dBTN$dGH0$dDEBBG$dBDX$dNYP$dOCLCF$dOCLCO$dI8M$dOCLCO$dC@V$dVJM$dXFF$dOCLCQ$dCSA$dTFW$dOCLCO$dDHA$dBUF$dXZ9$dCSO$dOCLCQ$dCNO$dOCLCO$dBGU$dOCLCO$dAU@$dOCLCQ$dCNGUL$dOCLCO$dCBA$dOCLCO$dL2U$dOCLCO$dOCLCA$dMM9
015 $aGB9874900$2bnb
015 $aGB98-74900
019 $a40423822$a811848417$a1027258202$a1027376804$a1057996811$a1059483161$a1060768494$a1075090793$a1171303088$a1172485946
020 $a0674107454
020 $a9780674107458
020 $a9780674107465
020 $a0674107462
035 $a(OCoLC)37675705$z(OCoLC)40423822$z(OCoLC)811848417$z(OCoLC)1027258202$z(OCoLC)1027376804$z(OCoLC)1057996811$z(OCoLC)1059483161$z(OCoLC)1060768494$z(OCoLC)1075090793$z(OCoLC)1171303088$z(OCoLC)1172485946
050 00 $aQA273.15$b.B46 1998
060 $aQA 273.15 B471r 1998
082 00 $a519.2$221
084 $a31.70$2bcl
084 $aCC 3300$2rvk
084 $aCC 6020$2rvk
084 $aSK 800$2rvk
084 $a5,1$2ssgn
084 $aO211$2clc
100 1 $aBennett, Deborah J.,$d1950-
245 10 $aRandomness /$cDeborah J. Bennett.
260 $aCambridge, Mass. :$bHarvard University Press,$c1998.
300 $a238 pages :$billustrations ;$c19 cm
336 $atext$btxt$2rdacontent
337 $aunmediated$bn$2rdamedia
338 $avolume$bnc$2rdacarrier
504 $aIncludes bibliographical references (pages 209-231) and index.
505 0 $a1. Chance encounters -- 2. Why resort to chance? -- 3. When the gods played dice -- 4. Figuring the odds -- 5. Mind games for gamblers -- 6. Chance or necessity? -- 7. Order in apparent chaos -- 8. Wanted: random numbers -- 9. Randomness as uncertainty -- 10. Paradoxes in probability.
520 1 $a"This book is aimed at the trouble with trying to learn about probability. A story of the misconceptions and difficulties civilization overcame in progressing toward probabilistic thinking, Randomness is also a skillful account of what makes the science of probability so daunting in our own time." "To acquire a (correct) intuition of chance is not easy to begin with, and moving from an intuitive sense to a formal notion of probability presents further problems. Author Deborah Bennett traces the path this process takes in an individual trying to come to grips with concepts of uncertainty and fairness, and charts the parallel course by which societies have developed ideas about randomness and determinacy."--Jacket.
650 0 $aProbabilities$vPopular works.
650 0 $aProbabilities$xHistory.
650 0 $aChance$vPopular works.
650 2 $aStatistics.
650 2 $aMathematics$xhistory.
650 7 $a31.70 probability.$0(NL-LeOCL)077602080$2bcl
650 7 $aProbabilities$vPopular works.$2cct
650 7 $aProbabilities$xHistory.$2cct
650 7 $aChance$vPopular works.$2cct
650 7 $aChance.$2fast$0(OCoLC)fst00852032
650 7 $aProbabilities.$2fast$0(OCoLC)fst01077737
650 7 $aZufall$2gnd
650 17 $aWaarschijnlijkheidstheorie.$2gtt
650 17 $aWaarschijnlijkheid (statistiek)$2gtt
650 7 $aProbabilidade (estatistica)$2larpcal
650 7 $aProbabilities.$2sears
650 7 $aProbabilities$xHistory.$2sears
650 7 $aChance.$2sears
655 2 $aPopular Work.
655 7 $aHistory.$2fast$0(OCoLC)fst01411628
655 7 $aPopular works.$2fast$0(OCoLC)fst01423846
655 7 $aEducational tools (form)$0(NL-LeOCL)088143767$2gtt
776 08 $iOnline version:$aBennett, Deborah J., 1950-$tRandomness.$dCambridge, Mass. : Harvard University Press, 1998$w(OCoLC)605399758
938 $aBaker & Taylor$bBKTY$c35.00$d35.00$i0674107454$n0003070899$sactive
938 $aBrodart$bBROD$n52042065$c$35.00
938 $aBaker and Taylor$bBTCP$n97035054
938 $aYBP Library Services$bYANK$n1444587
029 1 $aAU@$b000013462410
029 1 $aAU@$b000046177172
029 1 $aDEBBG$bBV011989614
029 1 $aNLGGC$b173604714
029 1 $aNLNZL$b994410173502836
029 1 $aNZ1$b441017
029 1 $aNZ1$b4767416
029 1 $aUKBRU$b155972
029 1 $aUNITY$b024006351
029 1 $aYDXCP$b100177867
029 1 $aYDXCP$b1444587
994 $aZ0$bP4A
948 $hNO HOLDINGS IN P4A - 966 OTHER HOLDINGS